00700nam a2200193 a 4500008004100000020001500041050001800056100002400074245004500098250001200143260003300155300002300188350000900211650002400220650002000244995009100264999001700355952013400372120416s1981 ||||||||||||||||| || u a007070564x aHG 8054.5 Wil aWilliams, C. Arthur10aRisk management and insurance. (4th ed.) a4th ed. aNew York:bMcGraw-Hillc1981 axiii, 721p. : ill. a0.00 aINSURANCE, BUSINESS 0aRISK MANAGEMENT D0.00FCBU-MAIN LIBRARY (Kitwe)H1I21.85UDAMAGEDZMain Library Open Access Collection c56578d56578 00102lcc4070a001b001cMain Library Open Access Collectiond2022-11-30l0oHG 8054.5 Wilp006692r2022-11-30w2022-11-30y002